LDR 00735naa#a2200229#i#450# 001 EN\\bibl\121487 005 20260429050827.3 011 ## _a1994-4683 100 ## _a20230531b2023####ek#y0engy0150####ca 102 ## _aRU 200 1# _aDEVELOPMENT OF PHYSICAL ABILITIES OF BIATHLETES OF THE BAUMAN MOSCOW STATE TECHNICAL UNIVERSITY WITH THE HELP OF EXERCISES FROM MARTIAL ARTS _eJournal article 210 1# _aMoscow _cNational State University of Physical Education, Sports and Health named after P.F. Lesgaft _d2023 215 ## _a4 с. 608 ## _aJournal article _2local 675 ## _aБиатлон. 796.92.093.642 _z 700 #1 _a _g 700 #1 _a _g 700 #1 _a _g 700 #1 _a _g 700 #1 _a _g 700 #1 _a _g 856 4# _auchzapiski.lesgaft.spb.ru _u